00849nam a22002417a 450000500170000001000130001702000220003003500130005203700160006504000120008108200160009310000310010924500450014026000510018527000490023630000240028550000190030965000290032865000180035794200250037599900190040095201880041920170124110151.0 aA-991552 c00.00a8176480304 aA-991552 bCen Lib/Ret aDPLbEN a647.92bCHA aChakravarti, B. K.9107327 aHotel management /cby B. K. Chakravarti aNew DelhibA.P.H. Publishing Corporationc1999 a5, Ansari Road Darya GanjbNew Delhie110002 axi,303p. c22cm(Hb) aIncludes index aHotel management9107328 aHotels933907 2ddccENh647.92mCHA c132177d132177 04104070aLbLd2015-07-21eCen Lib/Retg0.00l0o647.92 CHApA-991552r2015-07-21 00:00:00t1v0.00w2015-07-21yENzWritten off on approval by DLB (By Circulation); dtd 15-06-2023